[Event "Subotica-ch"]
[Site "Subotica"]
[Date "2012.05.23"]
[Round "8"]
[White "Vujevic, Branko"]
[Black "Ornjakov, Vlada"]
[Result "0-1"]
[WhiteElo "1822"]
[BlackElo "2004"]
[PlyCount "90"]
[EventDate "2012.05.07"]
[EventType "swiss"]
[EventRounds "9"]
[EventCountry "SRB"]
[SourceTitle "CBM 148 Extra"]
[Source "ChessBase"]
[SourceDate "2012.06.22"]
[SourceVersion "1"]
[SourceVersionDate "2012.06.22"]
[SourceQuality "1"]

1. c4 d5 2. cxd5 Qxd5 3. Nc3 Qa5 4. e4 e6 5. d4 c6 6. Nf3 Qc7 7. g3 Nf6 8. Bg2 Be7 9. Bf4 Qa5 10. 0-0 0-0 11. a3 Nbd7 12. b4 Qd8 13. Qb3 Re8 14. Rad1 Nh5 15. Be3 Ndf6 16. h3 g6 17. Nh2 Qc7 18. e5 Nd5 19. Nxd5 exd5 20. Bh6 Bf8 21. Bxf8 Rxf8 22. f4 f5 23. g4 fxg4 24. Qe3 gxh3 25. Bxh3 Bxh3 26. Qxh3 Nxf4 27. Qe3 Ne6 28. Ng4 Rxf1+ 29. Rxf1 Rf8 30. Nh6+ Kg7 31. Rxf8 Kxf8 32. Qf3+ Ke8 33. Qf2 Qe7 34. Ng4 Qg5 35. Qg3 h5 36. Nf6+ Kf7 37. Qxg5 Nxg5 38. b5 Nf3+ 39. Kf2 Nxd4 40. bxc6 bxc6 41. Nd7 g5 42. Nc5 Ne6 43. Nb7 Kg6 44. Na5 Nd8 45. Kf3 Kf5 0-1

[Event "Subotica-ch"]
[Site "Subotica"]
[Date "2012.05.07"]
[Round "1"]
[White "Szabados, Karoly"]
[Black "Vujevic, Branko"]
[Result "1-0"]
[WhiteElo "2102"]
[BlackElo "1822"]
[PlyCount "81"]
[EventDate "2012.05.07"]
[EventType "swiss"]
[EventRounds "9"]
[EventCountry "SRB"]
[SourceTitle "CBM 148 Extra"]
[Source "ChessBase"]
[SourceDate "2012.06.22"]
[SourceVersion "1"]
[SourceVersionDate "2012.06.22"]
[SourceQuality "1"]

1. Nf3 Nc6 2. c4 e5 3. d3 d6 4. e3 Nf6 5. Nc3 Be7 6. Be2 a6 7. 0-0 0-0 8. b3 h6 9. Bb2 Rb8 10. Rc1 b6 11. a3 Nh7 12. d4 exd4 13. exd4 Bf6 14. d5 Ne5 15. Nd4 Bb7 16. f4 Nd7 17. b4 Bxd4+ 18. Qxd4 Ndf6 19. Bd3 c5 20. dxc6 Bxc6 21. Nd5 Bxd5 22. cxd5 b5 23. Rc6 Ra8 24. Re1 Qd7 25. Re3 Rfc8 26. Rg3 Kh8 27. Bxh7 Qe7 28. Re3 Qd8 29. Bf5 Rc7 30. h3 a5 31. Qd3 axb4 32. axb4 Re7 33. Bxf6 gxf6 34. Rxe7 Qxe7 35. Qe4 Ra1+ 36. Kh2 Qa7 37. Rc8+ Kg7 38. Qe8 Qg1+ 39. Kg3 Ra3+ 40. Kh4 Qf2+ 41. Kh5 1-0

[Event "Subotica-ch"]
[Site "Subotica"]
[Date "2008.02.18"]
[Round "1"]
[White "Vujevic, Branko"]
[Black "Ikras, Djura"]
[Result "0-1"]
[WhiteElo "1848"]
[BlackElo "2124"]
[PlyCount "82"]
[EventDate "2008.02.18"]
[EventType "swiss"]
[EventRounds "9"]
[EventCountry "YUG"]
[SourceTitle "CBM 123 Extra"]
[Source "ChessBase"]
[SourceDate "2008.05.06"]
[SourceVersion "1"]
[SourceVersionDate "2008.05.06"]
[SourceQuality "1"]

1. c4 g6 2. Nf3 Bg7 3. e4 d6 4. h3 Nf6 5. Nc3 0-0 6. d3 Nc6 7. Be2 e5 8. Be3 h6 9. 0-0 Be6 10. Qd2 Kh7 11. Nh2 Qd7 12. Rad1 Ng8 13. f4 Nge7 14. a3 f5 15. Nd5 Rae8 16. b4 a6 17. Qc2 Nd8 18. Bf3 c6 19. Nc3 fxe4 20. Bxe4 d5 21. Na4 dxe4 22. dxe4 Qc8 23. Nb6 Qc7 24. Nd5 cxd5 25. exd5 Nxd5 26. Bc5 Nxf4 27. Nf3 Bf5 28. Qa4 Qc6 29. Qa5 Nde6 30. Rd6 Qc8 31. Rfd1 Nxc5 32. bxc5 Ne2+ 33. Kh1 e4 34. Nh2 Be5 35. R6d2 Ng3+ 36. Kg1 e3 37. Rd5 Qc7 38. Qa4 Ne2+ 39. Kh1 Bxh2 40. Rf1 Ng3+ 41. Kxh2 Nxf1+ 0-1

[Event "Subotica-ch op "]
[Site "Subotica"]
[Date "2007.02.26"]
[Round "4"]
[White "Vujevic, Branko"]
[Black "Horvat, Stevica"]
[Result "0-1"]
[WhiteElo "1879"]
[BlackElo "2075"]
[PlyCount "40"]
[EventDate "2007.02.19"]
[EventType "swiss"]
[EventRounds "9"]
[EventCountry "YUG"]
[SourceTitle "EXT 2008"]
[Source "ChessBase"]
[SourceDate "2007.11.25"]
[SourceVersion "1"]
[SourceVersionDate "2007.11.25"]
[SourceQuality "1"]

1. e4 c5 2. Nc3 Nc6 3. Nf3 d6 4. h3 e6 5. d3 g6 6. Be3 Bg7 7. Be2 Nge7 8. 0-0 0-0 9. Nh2 Rb8 10. Ng4 b5 11. Qc1 b4 12. Nd1 Nd4 13. Bxd4 Bxd4 14. c3 bxc3 15. bxc3 Bg7 16. Rb1 Rxb1 17. Qxb1 Qa5 18. Nge3 Ba6 19. c4 Nc6 20. Nc2 Qd2 0-1

[Event "Subotica-ch op "]
[Site "Subotica"]
[Date "2007.02.19"]
[Round "1"]
[White "Kosa, Jeno"]
[Black "Vujevic, Branko"]
[Result "1-0"]
[WhiteElo "2131"]
[BlackElo "1879"]
[PlyCount "67"]
[EventDate "2007.02.19"]
[EventType "swiss"]
[EventRounds "9"]
[EventCountry "YUG"]
[SourceTitle "EXT 2008"]
[Source "ChessBase"]
[SourceDate "2007.11.25"]
[SourceVersion "1"]
[SourceVersionDate "2007.11.25"]
[SourceQuality "1"]

1. e4 e5 2. Nf3 Nf6 3. Nxe5 d6 4. Nf3 Nxe4 5. Nc3 Nf6 6. d4 d5 7. Bd3 h6 8. 0-0 Be7 9. Ne5 0-0 10. Bf4 Nc6 11. Nb5 Bd6 12. Re1 a6 13. Nxd6 cxd6 14. Nf3 Bg4 15. c3 Nh5 16. Be3 Qf6 17. Be2 Nf4 18. Bxf4 Qxf4 19. h3 Bh5 20. Qb3 Nd8 21. Qxd5 Bg6 22. Bc4 Ne6 23. Re3 b5 24. Bb3 Nc7 25. Qc6 Rac8 26. Rae1 a5 27. g3 Qf5 28. Nh4 Qh5 29. Qxd6 a4 30. Nxg6 axb3 31. Ne7+ Kh7 32. Nxc8 Nd5 33. Qxf8 Nxe3 34. Ne7 1-0